عرض عادي
عرض مارك
- Hall, Mark A.
مدخل إسم شخص
001 - رقم الضبط
- حقل الضبط: 41290
003 - معرف رقم الضبط
- حقل الضبط: OSt
005 - تاريخ ووقت أخر عملية
- حقل الضبط: 20140104184839.0
008 - عناصر بيانات ثابتة الطول
- حقل تحكم ثابت الطول: 140104|||a|||||| | ||| d
040 ## - مصدر الفهرسة
- هيئة الفهرسة الأصلية: OSt
- وكالة الكتابة: OSt
100 ## - مدخل -- أسم شخص
- إسم شخص: Hall, Mark A.
670 ## - بيانات المصدر موجوده
- الاستشهاد بالمصدر: Work cat.: (OSt)0: Witten, I. H. (Ian H.) 41288, Data mining :, c2011.
